Quizzes
Events
Quiz Creation
Community
Videos
Private Events
Remove Ads
Sign In
Join for FREE
Feedback
Dark Mode
Quiz Categories
Sports
Geography
Music
Movies
Television
Just For Fun
Miscellaneous
History
Literature
Language
Science
Gaming
Entertainment
Religion
Holiday
For Kids
Quiz Lab
Recent
Popular Today
Quiz Kudos Today
Editor Picks
Curator Picks
Quizzes by...
Day
Popularity
Type
Ratings
Length
Year
Community
Subscriptions
Recent Discussions
Orange Saloon
Badges
Playlists
Quests
Create
Leaderboards
Showdown
Live 5
Trivia Bingo
Activity
Puzzle Library
Sporcle Events
Private Events
Virtual Trivia
Globe League
Become a Host
Pub Owners
SporcleCon
Opinionation
Our Games
Videos
Blog
Mobile Apps
Partnerships
Remove Ads and Go Orange
Feedback
Television
TV Characters
TV Show
Sitcom
Network
Friends
Reality Shows
Cast
South Park
Star Trek
The Simpsons
Doctor Who
Television
TV Characters
TV Show
Sitcom
Network
Friends
Reality Shows
Cast
South Park
Star Trek
The Simpsons
Doctor Who
Random Quiz
Search Sporcle
×
Quiz Lab
Quiz Lab
Television
Animation
Type in answers that appear in a list
Type in answers that appear in a list
Classic
Best Score? Go Orange.
TV Family Stats
Can you name the characters from these famous tv families?
By
ZaneyLainy
3m
35 Questions
715 Plays
715 Plays
715 Plays
Comments
Comments
Give Quiz Kudos
Give Quiz Kudos
-
- Ratings
hide this ad
More Info
Replay
Link that replays current quiz
Next Quiz
Link to next quiz in quiz playlist
You Got
0%
They Got
Avg Score
51%
Avg Friend Score
Upgrade to see
Score Distribution
Jump to the score distribution portion of the page
Score
0/35
Timer
03:00
0
Plays Today
Family
% Correct
Simpson Family
Bart
89.5%
Simpson Family
Homer
87.8%
Simpson Family
Lisa
85%
Simpson Family
Marge
84.3%
Simpson Family
Margerat
80.1%
Griffin Family
Peter
76.1%
Griffin Family
Stewie
74.7%
Griffin Family
Meg
71.9%
Griffin Family
Lois
69.4%
Griffin Family
Brian
67.1%
Griffin Family
Chris
62.1%
Dunphy Family
Phil
60.7%
Addams Family
Wednesday Friday
58%
Dunphy Family
Claire
56.8%
Dunphy Family
Alex
52.3%
Dunphy Family
Luke
52%
Addams Family
Morticia Frump
51.3%
Dunphy Family
Haley
50.1%
Family
% Correct
Addams Family
Gomez Alonzo
45.5%
Bluth Family
Michael
43.6%
Bluth Family
George 'Gob'
43.4%
Addams Family
Itt
41.7%
Addams Family
Pugsley
41.1%
Addams Family
Fester
40.6%
Addams Family
Lurch
37.1%
Bluth Family
George Michael
33.6%
Bluth Family
Bryon 'Buster'
32.9%
Bluth Family
Tobias
32.9%
Bluth Family
Lindsay
32.6%
Bluth Family
Lucille
31.7%
Bluth Family
Mae 'Maeby'
30.8%
Addams Family
Thing
30.8%
Bluth Family
George Sr.
22.2%
Bluth Family
Oscar
22.2%
Addams Family
Grandmama
17.8%
Quiz Playlist
Details
Report
Send in Message
Add To Playlist
More Info:
*Also member of Fünke Family
Classic:
Type in answers that appear in a list
Last Updated: Feb 16, 2017
Quiz Scoreboard
CHALLENGE
Sign Up to Join the Scoreboard
Show All
Scores
Hide
Comments
May contain spoilers
Recently Published
An Introduction to Baseball
by treessimontrees
Sports
5m
Movies - When Are They Set?
by FPL_Elf
Movies
5m
Popular People in 1961
by mucciniale
History
6m
More to Explore
Quiz From the Vault
Featured Blog Post
Where Did the Easter Bunny Come From?
hide this ad
You Might Also Like...
Tags
Animation Quiz
Addams Family
Arrested Development
Family Guy
griffin
Modern Family
Today's Top Quizzes in Television
Browse Television
hide this ad
Today's Top Quizzes in Animation
Browse Animation
Top Contributed Quizzes in Television
1
One Piece Logic Puzzle
2
Survivor Logic Puzzle: Heroes vs. Villains
3
5-to-1: The Simpsons Families
4
Survivor Seasons
5
Survivor Season by Logo
6
5-to-1: Television Doctors
7
7-to-1: TV Show Settings
8
One Thing in Common: Television
9
Survivor Trivia
10
5-to-1: Streaming Originals
Explore More
Trending Topics
Kpop
Anime
Crossword
Harry Potter
Marvel
NBA
Disney
The Office
WWE
NFL
Song
Pokémon
Puzzle
Country
Soccer
hide this ad
More By:
ZaneyLainy
Quiz
Plays
Rating
Category
Featured
Created
What's in an EGOT?
13,929
4.62
Entertainment
Aug 21, 2010
Doctor Who Monster/Villan/Alien by Haiku
4,652
3.48
Television
Aug 20, 2010
Blonde, Brunette or Redhead
1,331
2.86
Entertainment
Aug 20, 2010
Blonde, Brunette, Redhead
983
2.25
Entertainment
Aug 20, 2010
TV Family
715
2.80
Television
Aug 21, 2010
Go to Creator's Profile
Score Distribution
Quiz Creator Spotlight
ZaneyLainy
Follow
Send a Message
Quizzes Created
-
Created Quiz Play Count
-
More By This Creator
Popular Quizzes Today
1
Find the Countries of Europe - No Outlines Minefield
2
Find the US States - No Outlines Minefield
3
The Countries of the World
4
Popular People in 1961
5
US States
6
Find the US States
7
1-10 Letter E Words III
8
Risky Map Clicking: Biggest States A-Z
More Television Quizzes
Click an HBO Max Show
Published
Trending Quizzes
Risky Map Clicking: Least Populous States A-Z
1-10 Letter F Words
1-10 Letter G Words
One Thing in Common: United Kingdom
Not Quite an Element Typing Challenge
Recently Updated
Leaping Animals
pecheneg
Reality TV Shows (A-Z)
bhenderson79
Rickey Henderson's Hall of Fame Teammates
pecheneg
Champions League XIs: Arsenal
pecheneg
Quick Pick: Celebrities in WWE's Hall of Fame
aduchscher
A-Z Keypad Blitz II
pecheneg
Multiple Oscar Actors
pecheneg
Mystery Phrase Blitz: Oscar 'Best Actors'
pecheneg
F. Scott Fitzgerald Novels
LTH
Pick 3 Villains
ddd62291
Trending Topics
Crossword
Marvel
Kpop
Harry Potter
Anime
Disney
NBA
WWE
Pokémon
Soccer
Puzzle
NFL
Song
Country
The Office
Your Account Isn't Verified!
In order to create a playlist on Sporcle, you need to verify the email address you used during registration. Go to your
Sporcle Settings
to finish the process.
Report this User
Report this user for behavior that violates our
Community Guidelines
.
Details:
Send Report
Go to the Sporcle.com Mobile Site →
Comments